Péče o ohroženého novorozence /

Uložené v:
Podrobná bibliografia
Hlavný autor: Rubín, Antonín (Author)
Médium: Kniha
Jazyk:Czech
Vydané: Praha : Státní pedagogické nakladatelství, 1976.
Vydanie:1. vyd.
ISBN: (brož.)
Fyzický popis: 71 s.
Tagy: Pridať tag
Žiadne tagy, Buďte prvý kto otaguje tento záznam!

MARC

LEADER 00000cam a22000007a 4500
001 000140887
005 20251205142849.0
008 040803s1976 xr r cze d
020 |a (brož.)  |c Kčs 5,50 
040 |a SVKKK  |b slo  |c SVKKK  |e AACR2 
041 0 |a cze 
044 |a xr  |c CZ 
245 1 0 |a Péče o ohroženého novorozence /  |c Antonín Rubín ... [et al.]. 
250 |a 1. vyd. 
260 |a Praha :  |b Státní pedagogické nakladatelství,  |c 1976. 
300 |a 71 s. 
500 |a Vyd. Univerzita Karlova v Prahe, Fakulta všeobecného lékařství 
700 1 |a Rubín, Antonín  |4 aut 
910 |a svkkk 
998 |a BK 
090 |g SCKHL  |k Sklad Pribinova 3. posch.  |a V.97075  |j 544539  |i 2720273342  |s Povinný výt. 
090 |g SCKHL  |k Sklad Pribinova 3. posch.  |a V.98138  |j 549670  |i 140887-20  |4 Duplikát  |s Návrh na vyradenie